000 00691 a2200193 4500
020 _a0071244670
040 _aDLC
_bDLC
082 _a621.38221
100 1 _aMitra, Sanjit Kumar
245 0 0 _aDigital signal processing: a computer-based approach
_ba computer-based approach
_cSanjit K. Mitra
250 _a3rd ed.
260 _aBoston :
_bMcGraw-Hill,
_c2006
300 _axx, 972 s. :
_bill. +
_e1 CD-ROM
500 _aIncludes CD-ROM with MATLAB files, examples and more (ISBN 0-07-304386-9)
650 7 _aDigital signalbehandling
650 7 _aSignal processing
_xDigital techniques
_xData processing
650 7 _aSignal processing - Digital techniques
942 _cBK
_k621.3822 MIT
_2ddc
999 _c4717
_d4717